000 00539nam a2200181Ia 4500
999 _c23118
_d23118
003 OSt
005 20200512095011.0
008 190216s9999||||xx |||||||||||||| ||und||
020 _a9789675062926
040 _coclc
082 _a297.23
_bGHA/K
100 _aAl - Ghazali
_92196
245 0 _aKnowledge Of The Hereafter Durrah Al-Fakhirah /
_cAl - Ghazali
260 _bIslamic Book Trust,
_c2012.
_aKuala Lumpur:
300 _a146p
650 _aIslamic History
942 _cBK
_2ddc
_h297.23
_iGHA/K
_k297.23
_mGHA/K